Die Wirtschaftliche Annäherung Zwischen Dem Deutschen Reiche und Seinen Verbündeten : Dritter Teil: Aussprache in der Sitzung des Ausschusses Vom 6. April 1916 Zu Berlin. (Schriften des Vereins Für Sozialpolitik 155-III).
| Main Author: | |
|---|---|
| Format: | eBook |
| Language: | German |
| Published: |
Berlin :
Duncker & Humblot,
2015.
|
| Edition: | 1st ed. |
| Series: | Duncker and Humblot Reprints Series
|
| Subjects: | |
| Online Access: | Click to View |
| LEADER | 03635nam a22003853i 4500 | ||
|---|---|---|---|
| 001 | EBC7101391 | ||
| 003 | MiAaPQ | ||
| 005 | 20240729202204.0 | ||
| 006 | m o d | | ||
| 007 | cr cnu|||||||| | ||
| 008 | 240729s2015 xx o ||||0 ger d | ||
| 020 | |a 9783428574735 |q (electronic bk.) | ||
| 020 | |z 9783428174737 | ||
| 035 | |a (MiAaPQ)EBC7101391 | ||
| 035 | |a (Au-PeEL)EBL7101391 | ||
| 035 | |a (OCoLC)1347023229 | ||
| 040 | |a MiAaPQ |b eng |e rda |e pn |c MiAaPQ |d MiAaPQ | ||
| 100 | 1 | |a Herkner, Heinrich. | |
| 245 | 1 | 4 | |a Die Wirtschaftliche Annäherung Zwischen Dem Deutschen Reiche und Seinen Verbündeten : |b Dritter Teil: Aussprache in der Sitzung des Ausschusses Vom 6. April 1916 Zu Berlin. (Schriften des Vereins Für Sozialpolitik 155-III). |
| 250 | |a 1st ed. | ||
| 264 | 1 | |a Berlin : |b Duncker & Humblot, |c 2015. | |
| 264 | 4 | |c {copy}1916. | |
| 300 | |a 1 online resource (140 pages) | ||
| 336 | |a text |b txt |2 rdacontent | ||
| 337 | |a computer |b c |2 rdamedia | ||
| 338 | |a online resource |b cr |2 rdacarrier | ||
| 490 | 1 | |a Duncker and Humblot Reprints Series | |
| 505 | 0 | |a Intro -- Inhaltsverzeichnis -- Vorwort des Herausgebers -- Vorrede von Gustav Sckmoller -- Generaldebatte -- Vorsitzender, Herkner, H., Berlin -- Spann, Othmar, Brünn -- Vorsitzender -- Spann, Othmar, Brünn -- Diehl, Karl, Freiburg i. B. -- Pierstorff, Julius, Jena -- Jaffe, Edgar, München -- Lotz, Walther, München -- Gothein, Breslau -- Hartmann, Ludo, Wien -- Weber, Max, Heidelberg -- Tönnies, Ferdinand, Eutin -- Ballod, Karl, Berlin-Grunewald -- Spezialdebatte -- 1. Erörterung über die mutmaßliche Gestaltung der wirtschaftlichen Beziehungen Deutschlands und Österreich-Ungarns zum feindlichen Auslande nach dem Kriege, über den Handelskrieg und das Wirtschaftsbündnis -- Vorsitzender -- 2. Bedenken gegen eine Erleichterung des Güteraustausches -- a) von Seiten der agrarischen Interessenten -- Weber, Max, Heidelberg -- Vorsitzender -- Weber, Max, Heidelberg -- Vorsitzender -- Lotz, Walther, München -- Gothein, Breslau -- Ballod, Karl, Berlin-Grunewald -- b) von Seiten der industriellen Interessenten -- Vorsitzender -- Eulenburg, Franz, Leipzig -- Weber, Max, Heidelberg -- Hartmann, Ludo, Wien -- Pierstorff, Julius, Jena -- Spann, Othmar, Brünn -- Vorsitzender -- Sinzheimer, Ludwig, München -- Gothein, Breslau -- Pierstorff, Julius, Jena -- Hartmann, Ludo, Wien -- 3. Konkurrenz der verbündeten Reiche auf den Orientmärkten -- Vorsitzender -- Wiedenfeld, Kurt, Halle -- Eulenburg, Franz, Leipzig -- 4. Verkehrspolitische Mittel zum Zwecke der Annäherung -- Vorsitzender -- Lotz, Walther, München -- Ballod, Karl, Berlin-Grunewald -- Lotz, Walther, München -- Ballod, Karl, Berlin-Grunewald -- Wiedenfeld, Kurt, Halle -- v. d. Leyen, A., Berlin -- Gothein, Breslau -- Ballod, Karl, Berlin-Grunewald -- Wiedenfeld, Kurt, Halle -- Vorsitzender (Schlußwort) -- Zwei Nachworte -- 1. M. Hainisch-Wien -- 2. A. Spiethosf-Prag. | |
| 588 | |a Description based on publisher supplied metadata and other sources. | ||
| 590 | |a Electronic reproduction. Ann Arbor, Michigan : ProQuest Ebook Central, 2024. Available via World Wide Web. Access may be limited to ProQuest Ebook Central affiliated libraries. | ||
| 655 | 4 | |a Electronic books. | |
| 776 | 0 | 8 | |i Print version: |a Herkner, Heinrich |t Die Wirtschaftliche Annäherung Zwischen Dem Deutschen Reiche und Seinen Verbündeten |d Berlin : Duncker & Humblot,c2015 |z 9783428174737 |
| 797 | 2 | |a ProQuest (Firm) | |
| 830 | 0 | |a Duncker and Humblot Reprints Series | |
| 856 | 4 | 0 | |u https://ebookcentral.proquest.com/lib/matrademy/detail.action?docID=7101391 |z Click to View |


